Time-weighted average passive sampling with a solid-phase microextraction device /

Đã lưu trong:
Sonraí Bibleagrafaíochta
Príomhúdar: Chen, Yong.
Údair Eile: Pawliszyn, Janusz.
Formáid: Bài viết
Teanga:English
Ábhair:
Air
Clibeanna: Cuir Clib Leis
Gan Chlibeanna, Bí ar an gcéad duine leis an taifead seo a chlibeáil!
Thư viện lưu trữ: Thư viện Trường Đại học Đà Lạt
LEADER 00933nam a2200313 4500
001 DLU090096979
005 ##20091201
040 # # |a DLU  |b eng 
041 # # |a eng 
044 # # |a us 
100 # # |a Chen, Yong.  
245 # # |a Time-weighted average passive sampling with a solid-phase microextraction device /  |c Yong Chen, Janusz Pawliszyn. 
653 # # |a Air 
653 # # |a Coated fiber 
653 # # |a Concentration measurement 
653 # # |a Solid phase microextraction 
653 # # |a Sorption 
653 # # |a Volatile organic compound 
700 # # |a Pawliszyn, Janusz.  
773 # # |t Analytical Chemistry  |g Vol. 75, no. 9 (May 2003), p. 2004-2010 
920 # # |a Phòng Tạp chí -- Trung tâm Thông tin - Thư viện Trường Đại học Đà Lạt 
994 # # |a DLU 
900 # # |a True 
911 # # |a Trương Bảo Trâm Anh 
925 # # |a G 
926 # # |a A 
927 # # |a BB 
980 # # |a Thư viện Trường Đại học Đà Lạt